000 01107nam a2200301 a 4500
005 20191224041618.0
008 140303s1995 ck d fr||||o000 0 spa d
040 _aCO-BoIAVH
_cCO-BoIAVH
041 0 _aspa
044 _ack
082 0 4 _a333.75021
_bC96c
111 2 _aSeminario internacional de formación en estadística forestal tropical
_cSantafé de Bogotá
_d1995
_n4
245 0 0 _aCuarto seminario internacional de formación en estadística forestal tropical :
_bGuía de trabajo
260 _aBogotá :
_bOIMT,
_c1995.
300 _a156 páginas :
_bIlustraciones, mapas ;
_c28 x 22 cm.
650 1 6 _aEstadística forestal
650 2 6 _aTipos de bosques
650 2 6 _aProducción forestal
650 2 6 _aAprovechamiento forestal
650 2 6 _aIndustria forestal
650 2 6 _aSector forestal
650 2 6 _aRecursos forestales
650 2 6 _aLegislación forestal
650 2 6 _aPolíticas forestales
650 2 6 _aSistemas de información
710 2 _aMinisterio del Medio Ambiente
942 _cLIBRO
_2ddc
999 _c1927
_d1927